000 00823nam a22001817a 4500
003 LK-CoMWRAF
005 20231201123908.0
008 230909b |||||||| |||| 00| 0 eng d
040 _aLK-CoMWRAF
_dLK-CoMWRAF
_eLK-CoMWRAF
041 _asin
082 _a355
_bBAR
100 _aබැරී, ජේන්
245 _aපිළිතුරු ලෙස නැගී සිටිමු :
_bගැටුම්කාරී වාතාවරණයක ස්ත්‍රී ක්‍රියාකාරිත්වය
246 _aPilithuru lesa nagee sitimu : gatumkaaree wathawaranayaka sthree kriyakaarithwaya
260 _aකොළඹ :
_bමානව හිමිකම් දත්ත කේන්ද්‍ර‍ය,
650 _aස්ත්‍රී ක්‍රියාකාරිත්වය
942 _cBK
999 _c3513
_d3513